[Event "2023 Welsh Championship"]
[Site "Cardiff"]
[Date "2023.04.07"]
[Round "1"]
[Board "1"]
[White "Kozusek, Daniel"]
[Black "Fathallah, Joe"]
[Result "1-0"]
[WhiteElo "2331"]
[BlackElo "1980"]
[PlyCount "0"]
[EventDate "2023.04.07"]
[EventRounds "7"]
[EventCountry "WLS"]

1. d4 {[%clk 01:30:58]} f5 {[%clk 01:30:55]} {[%emt 00:00:06]} 2. Bg5 {[%clk
01:31:15]} {[%emt 00:00:12]} h6 {[%clk 01:30:58]} {[%emt 00:00:27]} 3. Bh4
{[%clk 01:31:40]} {[%emt 00:00:05]} g5 {[%clk 01:31:22]} {[%emt 00:00:08]} 4.
e3 {[%clk 01:32:05]} {[%emt 00:00:04]} Nf6 {[%clk 01:31:46]} {[%emt 00:00:06]}
5. Bg3 {[%clk 01:32:30]} {[%emt 00:00:05]} d6 {[%clk 01:32:03]} {[%emt
00:00:14]} 6. h4 {[%clk 01:30:46]} {[%emt 00:02:15]} g4 {[%clk 01:32:24]}
{[%emt 00:00:09]} 7. Bc4 {[%clk 01:30:43]} {[%emt 00:00:32]} Bg7 {[%clk
01:27:49]} {[%emt 00:05:04]} 8. Ne2 {[%clk 01:30:25]} {[%emt 00:00:49]} Nh5
{[%clk 01:26:42]} {[%emt 00:01:37]} 9. Nbc3 {[%clk 01:30:43]} {[%emt 00:00:13]}
c6 {[%clk 01:24:32]} {[%emt 00:02:40]} 10. Bb3 {[%clk 01:29:00]} {[%emt
00:02:12]} e5 {[%clk 01:18:58]} {[%emt 00:06:04]} 11. Qd2 {[%clk 01:25:48]}
{[%emt 00:03:41]} Qe7 {[%clk 01:16:43]} {[%emt 00:02:46]} 12. O-O-O {[%clk
01:25:29]} {[%emt 00:00:49]} Na6 {[%clk 01:03:05]} {[%emt 00:14:10]} 13. f3
{[%clk 01:22:22]} {[%emt 00:03:37]} Nc7 {[%clk 00:55:11]} {[%emt 00:08:23]} 14.
dxe5 {[%clk 01:14:12]} {[%emt 00:08:41]} dxe5 {[%clk 00:53:05]} {[%emt
00:02:38]} 15. fxg4 {[%clk 01:14:22]} {[%emt 00:00:19]} fxg4 {[%clk 00:53:02]}
{[%emt 00:00:31]} 16. Qd3 {[%clk 01:14:40]} {[%emt 00:00:12]} Be6 {[%clk
00:48:57]} {[%emt 00:04:35]} 17. Qg6+ {[%clk 01:14:14]} {[%emt 00:00:54]} Qf7
{[%clk 00:45:34]} {[%emt 00:03:55]} 18. Qxf7+ {[%clk 01:14:33]} {[%emt
00:00:09]} Kxf7 {[%clk 00:45:40]} {[%emt 00:00:24]} 19. Rd7+ {[%clk 01:14:56]}
{[%emt 00:00:07]}  1-0

[Event "2023 Welsh Championship"]
[Site "Cardiff"]
[Date "2023.04.07"]
[Round "1"]
[Board "2"]
[White "Pleasants, Allan J"]
[Black "Toczek, Grzegorz"]
[Result "0-1"]
[WhiteElo "1975"]
[BlackElo "2260"]
[PlyCount "0"]
[EventDate "2023.04.07"]
[EventRounds "7"]
[EventCountry "WLS"]

1. Nf3 {[%clk 01:30:56]} {[%emt 00:00:03]} Nf6 {[%clk 01:30:28]} {[%emt
00:00:32]} 2. g3 {[%clk 01:31:21]} {[%emt 00:00:06]} d5 {[%clk 01:30:37]}
{[%emt 00:00:20]} 3. Bg2 {[%clk 01:31:31]} {[%emt 00:00:20]} e6 {[%clk
01:29:50]} {[%emt 00:01:18]} 4. O-O {[%clk 01:31:26]} {[%emt 00:00:36]} Be7
{[%clk 01:29:34]} {[%emt 00:00:44]} 5. d3 {[%clk 01:28:45]} {[%emt 00:03:11]}
b6 {[%clk 01:25:54]} {[%emt 00:04:10]} 6. Nbd2 {[%clk 01:28:54]} {[%emt
00:00:21]} Bb7 {[%clk 01:25:34]} {[%emt 00:00:50]} 7. e4 {[%clk 01:20:28]}
{[%emt 00:08:56]} O-O {[%clk 01:22:13]} {[%emt 00:03:52]} 8. Qe2 {[%clk
01:13:08]} {[%emt 00:07:50]} c5 {[%clk 01:20:02]} {[%emt 00:02:40]} 9. e5
{[%clk 01:09:56]} {[%emt 00:03:45]} Nfd7 {[%clk 01:20:20]} {[%emt 00:00:10]} 10.
Re1 {[%clk 01:08:53]} {[%emt 00:01:33]} Nc6 {[%clk 01:20:30]} {[%emt 00:00:24]}
11. Nb3 {[%clk 01:07:45]} {[%emt 00:01:36]} Rc8 {[%clk 01:18:01]} {[%emt
00:03:01]} 12. Bf4 {[%clk 01:05:16]} {[%emt 00:02:55]} Qc7 {[%clk 01:05:11]}
{[%emt 00:13:22]} 13. c4 {[%clk 00:59:49]} {[%emt 00:05:55]} dxc4 {[%clk
01:02:08]} {[%emt 00:03:33]} 14. dxc4 {[%clk 01:00:11]} {[%emt 00:00:08]} Rfd8
{[%clk 01:02:00]} {[%emt 00:00:38]} 15. Rad1 {[%clk 00:51:15]} {[%emt
00:09:26]} Nf8 {[%clk 01:01:53]} {[%emt 00:00:37]} 16. g4 {[%clk 00:44:47]}
{[%emt 00:06:58]} a5 {[%clk 01:01:00]} {[%emt 00:01:23]} 17. Bg3 {[%clk
00:43:35]} {[%emt 00:01:45]} a4 {[%clk 00:53:43]} {[%emt 00:07:44]} 18. Nbd2
{[%clk 00:38:54]} {[%emt 00:05:11]} Nb4 {[%clk 00:53:12]} {[%emt 00:01:00]} 19.
Ne4 {[%clk 00:36:29]} {[%emt 00:02:56]} Bxe4 {[%clk 00:52:38]} {[%emt
00:01:05]} 20. Qxe4 {[%clk 00:36:52]} {[%emt 00:00:05]} Rxd1 {[%clk 00:48:50]}
{[%emt 00:04:20]} 21. Rxd1 {[%clk 00:37:16]} {[%emt 00:00:04]} Nxa2 {[%clk
00:48:43]} {[%emt 00:00:37]} 22. Ra1 {[%clk 00:31:53]} {[%emt 00:05:57]} Nb4
{[%clk 00:47:11]} {[%emt 00:01:59]} 23. Rxa4 {[%clk 00:31:51]} {[%emt
00:00:33]} Qd7 {[%clk 00:46:53]} {[%emt 00:00:50]} 24. Ra1 {[%clk 00:31:55]}
{[%emt 00:00:25]} Rd8 {[%clk 00:46:27]} {[%emt 00:00:54]} 25. Bf1 {[%clk
00:30:56]} {[%emt 00:01:30]} g5 {[%clk 00:41:28]} {[%emt 00:05:30]} 26. Be2
{[%clk 00:27:11]} {[%emt 00:04:14]} Qc6 {[%clk 00:40:28]} {[%emt 00:01:28]} 27.
Qxc6 {[%clk 00:26:23]} {[%emt 00:01:18]} Nxc6 {[%clk 00:40:55]} {[%emt
00:00:05]} 28. Ra6 {[%clk 00:25:29]} {[%emt 00:01:24]} Rb8 {[%clk 00:41:16]}
{[%emt 00:00:09]} 29. Ra1 {[%clk 00:17:25]} {[%emt 00:08:36]} Nb4 {[%clk
00:40:10]} {[%emt 00:01:35]} 30. h4 {[%clk 00:16:29]} {[%emt 00:01:26]} h6
{[%clk 00:40:36]} {[%emt 00:00:03]} 31. h5 {[%clk 00:14:13]} {[%emt 00:02:55]}
Rd8 {[%clk 00:35:14]} {[%emt 00:05:42]} 32. Ra7 {[%clk 00:10:44]} {[%emt
00:04:01]} Nd7 {[%clk 00:33:31]} {[%emt 00:02:13]} 33. Kg2 {[%clk 00:07:26]}
{[%emt 00:03:46]} Bf8 {[%clk 00:33:20]} {[%emt 00:00:43]} 34. Bd1 {[%clk
00:07:18]} {[%emt 00:00:40]} Nc6 {[%clk 00:24:28]} {[%emt 00:09:18]} 35. Rc7
{[%clk 00:06:50]} {[%emt 00:00:59]} Na5 {[%clk 00:24:54]} {[%emt 00:00:02]} 36.
Ba4 {[%clk 00:06:11]} {[%emt 00:01:11]} Nb8 {[%clk 00:25:06]} {[%emt 00:00:15]}
37. b3 {[%clk 00:06:01]} {[%emt 00:00:42]} Na6 {[%clk 00:25:07]} {[%emt
00:00:29]} 38. Ra7 {[%clk 00:05:30]} {[%emt 00:01:00]} Nb4 {[%clk 00:25:28]}
{[%emt 00:00:07]} 39. Kf1 {[%clk 00:04:02]} {[%emt 00:02:00]} Na2 {[%clk
00:24:35]} {[%emt 00:01:24]} 40. Bb5 {[%clk 00:02:29]} {[%emt 00:02:08]} Nc1
{[%clk 00:22:18]} {[%emt 00:02:44]} 41. Ra6 {[%clk 00:01:17]} {[%emt 00:01:39]}
Rd3 {[%clk 00:00:46]} {[%emt 00:22:04]} 42. Kg2 {[%clk 00:00:41]} {[%emt
00:01:02]} Ncxb3 {[%clk 00:26:05]} {[%emt 00:05:13]} 43. Rxb6 {[%clk 00:29:15]}
{[%emt 00:01:56]} Nd4 {[%clk 00:25:43]} {[%emt 00:00:51]} 44. Nxd4 {[%clk
00:28:11]} {[%emt 00:01:33]} Rxd4 {[%clk 00:26:00]} {[%emt 00:00:17]} 45. Ra6
{[%clk 00:25:39]} {[%emt 00:02:59]} Nb3 {[%clk 00:24:27]} {[%emt 00:02:05]} 46.
Ra7 {[%clk 00:24:15]} {[%emt 00:01:55]} Rd8 {[%clk 00:24:34]} {[%emt 00:00:19]}
47. f4 {[%clk 00:23:06]} {[%emt 00:01:43]} Nd4 {[%clk 00:23:20]} {[%emt
00:01:42]} 48. Bd7 {[%clk 00:20:33]} {[%emt 00:03:02]} gxf4 {[%clk 00:21:39]}
{[%emt 00:02:10]} 49. Bxf4 {[%clk 00:20:51]} {[%emt 00:00:13]} Rb8 {[%clk
00:18:58]} {[%emt 00:03:11]} 50. Kf2 {[%clk 00:16:43]} {[%emt 00:04:37]} Bg7
{[%clk 00:19:23]} {[%emt 00:00:05]} 51. Ke3 {[%clk 00:16:34]} {[%emt 00:00:38]}
Rb3+ {[%clk 00:19:17]} {[%emt 00:00:37]} 52. Ke4 {[%clk 00:14:22]} {[%emt
00:02:42]} Ne2 {[%clk 00:19:29]} {[%emt 00:00:18]} 53. Be8 {[%clk 00:10:18]}
{[%emt 00:04:34]} Nc3+ {[%clk 00:15:28]} {[%emt 00:04:35]} 54. Kd3 {[%clk
00:09:07]} {[%emt 00:01:40]} Nb5+ {[%clk 00:15:14]} {[%emt 00:00:41]} 55. Kc2
{[%clk 00:09:21]} {[%emt 00:00:16]} Nd4+ {[%clk 00:15:26]} {[%emt 00:00:26]} 56.
Kd1 {[%clk 00:06:49]} {[%emt 00:02:55]} Rf3 {[%clk 00:14:34]} {[%emt 00:01:22]}
57. Bd2 {[%clk 00:04:14]} {[%emt 00:03:05]} Rf1+ {[%clk 00:14:31]} {[%emt
00:00:33]} 58. Be1 {[%clk 00:04:39]} {[%emt 00:00:06]} Bxe5 {[%clk 00:14:48]}
{[%emt 00:00:16]}  0-1

[Event "2023 Welsh Championship"]
[Site "Cardiff"]
[Date "2023.04.07"]
[Round "1"]
[Board "3"]
[White "Everett, Elijah"]
[Black "Hatchett, Paul"]
[Result "1/2-1/2"]
[WhiteElo "2202"]
[BlackElo "1967"]
[PlyCount "0"]
[EventDate "2023.04.07"]
[EventRounds "7"]
[EventCountry "WLS"]

1. e4 {[%clk 01:30:57]} {[%emt 00:00:02]} c5 {[%clk 01:30:50]} {[%emt
00:00:10]} 2. Nf3 {[%clk 01:31:18]} {[%emt 00:00:10]} d6 {[%clk 01:31:03]}
{[%emt 00:00:17]} 3. d4 {[%clk 01:31:39]} {[%emt 00:00:09]} cxd4 {[%clk
01:31:26]} {[%emt 00:00:07]} 4. Nxd4 {[%clk 01:31:59]} {[%emt 00:00:10]} Nf6
{[%clk 01:31:48]} {[%emt 00:00:08]} 5. Nc3 {[%clk 01:32:20]} {[%emt 00:00:09]}
g6 {[%clk 01:31:45]} {[%emt 00:00:33]} 6. Be3 {[%clk 01:32:41]} {[%emt
00:00:09]} Bg7 {[%clk 01:32:07]} {[%emt 00:00:09]} 7. f3 {[%clk 01:33:04]}
{[%emt 00:00:06]} O-O {[%clk 01:32:30]} {[%emt 00:00:06]} 8. Qd2 {[%clk
01:33:28]} {[%emt 00:00:07]} Nc6 {[%clk 01:32:41]} {[%emt 00:00:19]} 9. O-O-O
{[%clk 01:33:06]} {[%emt 00:00:51]} d5 {[%clk 01:31:09]} {[%emt 00:02:02]} 10.
exd5 {[%clk 01:32:51]} {[%emt 00:00:45]} Nxd5 {[%clk 01:31:32]} {[%emt
00:00:06]} 11. Nxc6 {[%clk 01:33:08]} {[%emt 00:00:13]} bxc6 {[%clk 01:31:59]}
{[%emt 00:00:04]} 12. Bd4 {[%clk 01:33:30]} {[%emt 00:00:09]} e5 {[%clk
01:32:25]} {[%emt 00:00:04]} 13. Bc5 {[%clk 01:33:44]} {[%emt 00:00:15]} Re8
{[%clk 01:32:51]} {[%emt 00:00:04]} 14. Nxd5 {[%clk 01:27:22]} {[%emt
00:06:51]} cxd5 {[%clk 01:33:16]} {[%emt 00:00:05]} 15. Qxd5 {[%clk 01:23:01]}
{[%emt 00:04:52]} Qxd5 {[%clk 01:33:42]} {[%emt 00:00:06]} 16. Rxd5 {[%clk
01:23:23]} {[%emt 00:00:07]} Be6 {[%clk 01:34:10]} {[%emt 00:00:02]} 17. Rd1
{[%clk 01:21:57]} {[%emt 00:01:55]} Bxa2 {[%clk 01:34:35]} {[%emt 00:00:06]} 18.
b3 {[%clk 01:19:56]} {[%emt 00:02:31]} Rec8 {[%clk 01:29:50]} {[%emt 00:05:15]}
19. Rd5 {[%clk 01:14:26]} {[%emt 00:06:00]} a5 {[%clk 01:30:16]} {[%emt
00:00:04]} 20. Kb2 {[%clk 01:09:27]} {[%emt 00:05:28]} a4 {[%clk 01:30:42]}
{[%emt 00:00:04]} 21. Kxa2 {[%clk 01:07:47]} {[%emt 00:02:11]} axb3+ {[%clk
01:31:08]} {[%emt 00:00:03]} 22. Kxb3 {[%clk 01:08:00]} {[%emt 00:00:17]} Ra5
{[%clk 01:31:31]} {[%emt 00:00:08]} 23. Bc4 {[%clk 01:05:47]} {[%emt 00:02:43]}
Raxc5 {[%clk 01:28:18]} {[%emt 00:03:43]} 24. Rxc5 {[%clk 01:06:05]} {[%emt
00:00:13]} Rxc5 {[%clk 01:28:42]} {[%emt 00:00:05]} 25. Ra1 {[%clk 00:59:27]}
{[%emt 00:07:09]} Rc7 {[%clk 01:28:33]} {[%emt 00:00:38]} 26. Bd5 {[%clk
00:58:23]} {[%emt 00:01:34]} Bf8 {[%clk 01:19:20]} {[%emt 00:09:43]} 27. c4
{[%clk 00:53:22]} {[%emt 00:05:30]} Kg7 {[%clk 01:17:41]} {[%emt 00:02:10]} 28.
Ra6 {[%clk 00:51:24]} {[%emt 00:02:27]} Bc5 {[%clk 01:12:40]} {[%emt 00:05:32]}
29. Ka4 {[%clk 00:48:59]} {[%emt 00:02:55]} Kf8 {[%clk 01:00:16]} {[%emt
00:12:54]} 30. Kb5 {[%clk 00:43:17]} {[%emt 00:06:13]} Bd4 {[%clk 00:58:36]}
{[%emt 00:02:09]} 31. g4 {[%clk 00:38:50]} {[%emt 00:04:57]} Ke7 {[%clk
00:56:46]} {[%emt 00:02:20]} 32. h4 {[%clk 00:37:16]} {[%emt 00:02:03]} Rc5+
{[%clk 00:50:05]} {[%emt 00:07:12]} 33. Kb4 {[%clk 00:37:11]} {[%emt 00:00:36]}
Rc8 {[%clk 00:49:51]} {[%emt 00:00:45]} 34. g5 {[%clk 00:31:24]} {[%emt
00:06:16]} Rb8+ {[%clk 00:48:12]} {[%emt 00:02:10]} 35. Ka4 {[%clk 00:30:36]}
{[%emt 00:01:16]} Bf2 {[%clk 00:40:04]} {[%emt 00:08:39]} 36. h5 {[%clk
00:27:04]} {[%emt 00:04:02]} Be3 {[%clk 00:38:29]} {[%emt 00:02:03]} 37. hxg6
{[%clk 00:26:32]} {[%emt 00:01:04]} hxg6 {[%clk 00:38:53]} {[%emt 00:00:06]} 38.
Rc6 {[%clk 00:23:38]} {[%emt 00:03:23]} Rb7 {[%clk 00:31:47]} {[%emt 00:07:37]}
39. Re6+ fxe6 {[%clk 00:31:24]} 40. Bxb7 {[%clk 00:19:08]} {[%emt 00:00:06]}
Bxg5 {[%clk 00:31:37]} {[%emt 00:00:16]} 41. c5 {[%clk 00:19:07]} {[%emt
00:00:32]} Be3 {[%clk 00:26:27]} {[%emt 00:05:41]} 42. Be4 {[%emt 00:00:13]}
 1/2-1/2

[Event "2023 Welsh Championship"]
[Site "Cardiff"]
[Date "2023.04.07"]
[Round "1"]
[Board "4"]
[White "Rathbone-Jones, Ifan"]
[Black "Blackburn, Jonathan L B"]
[Result "0-1"]
[WhiteElo "1946"]
[BlackElo "2162"]
[PlyCount "0"]
[EventDate "2023.04.07"]
[EventRounds "7"]
[EventCountry "WLS"]

1. d4 {[%clk 01:30:57]} {[%emt 00:00:02]} Nf6 {[%clk 01:30:56]} {[%emt
00:00:05]} 2. Bf4 {[%clk 01:30:13]} {[%emt 00:01:14]} g6 {[%clk 01:31:19]}
{[%emt 00:00:08]} 3. Nc3 {[%clk 01:30:38]} {[%emt 00:00:04]} d5 {[%clk
01:31:36]} {[%emt 00:00:13]} 4. Nf3 {[%clk 01:31:02]} {[%emt 00:00:06]} Bg7
{[%clk 01:31:45]} {[%emt 00:00:22]} 5. e3 {[%clk 01:31:19]} {[%emt 00:00:15]}
O-O {[%clk 01:32:07]} {[%emt 00:00:06]} 6. Be2 {[%clk 01:31:45]} {[%emt
00:00:03]} c5 {[%clk 01:31:48]} {[%emt 00:00:49]} 7. O-O {[%clk 01:31:59]}
{[%emt 00:00:16]} cxd4 {[%clk 01:30:04]} {[%emt 00:02:14]} 8. exd4 {[%clk
01:32:02]} {[%emt 00:00:27]} Nc6 {[%clk 01:29:47]} {[%emt 00:00:49]} 9. Ne5
{[%clk 01:30:22]} {[%emt 00:02:09]} Nd7 {[%clk 01:27:16]} {[%emt 00:03:01]} 10.
Nxd5 {[%clk 01:26:17]} {[%emt 00:05:04]} Ndb8 {[%clk 01:25:18]} {[%emt
00:02:59]} 11. Bf3 {[%clk 01:12:40]} {[%emt 00:14:07]} e6 {[%clk 01:24:28]}
{[%emt 00:01:22]} 12. Nxc6 {[%clk 00:53:40]} {[%emt 00:19:31]} Nxc6 {[%clk
01:24:29]} {[%emt 00:00:28]} 13. Nc7 {[%clk 00:50:56]} {[%emt 00:03:12]} e5
{[%clk 01:21:35]} {[%emt 00:03:23]} 14. Bxe5 {[%clk 00:49:03]} {[%emt
00:02:26]} Bxe5 {[%clk 01:10:58]} {[%emt 00:11:04]} 15. Nxa8 {[%clk 00:49:11]}
{[%emt 00:00:24]} Bg7 {[%clk 01:01:22]} {[%emt 00:10:04]} 16. c3 {[%clk
00:35:15]} {[%emt 00:14:27]} Bf5 {[%clk 00:56:49]} {[%emt 00:05:02]} 17. Bg4
{[%clk 00:26:56]} {[%emt 00:08:48]} Bxg4 {[%clk 00:56:34]} {[%emt 00:00:47]} 18.
Qxg4 {[%clk 00:27:20]} Qxa8 {[%clk 00:55:59]} {[%emt 00:01:27]} 19. Rfe1 {[%clk
00:26:41]} Qd8 {[%clk 00:54:35]} {[%emt 00:02:45]} 20. Rad1 {[%clk 00:25:09]}
Qd5 {[%clk 00:52:55]} {[%emt 00:04:20]} 21. b3 {[%clk 00:24:39]} {[%emt
00:00:55]} h5 {[%clk 00:42:05]} {[%emt 00:11:20]} 22. Qe2 {[%clk 00:24:13]}
{[%emt 00:00:55]} Bf6 {[%clk 00:37:28]} {[%emt 00:05:07]} 23. Rd3 {[%clk
00:20:06]} {[%emt 00:04:37]} Kg7 {[%clk 00:36:57]} {[%emt 00:01:13]} 24. Rf3
{[%clk 00:18:52]} {[%emt 00:01:31]} a6 {[%clk 00:34:49]} {[%emt 00:02:43]} 25.
Rd1 {[%clk 00:13:52]} {[%emt 00:05:25]} Qd6 {[%clk 00:33:19]} {[%emt 00:02:01]}
26. Qe4 {[%clk 00:13:07]} {[%emt 00:01:23]} b5 {[%clk 00:31:29]} {[%emt
00:02:13]} 27. d5 {[%clk 00:07:41]} {[%emt 00:05:55]} Ne5 {[%clk 00:31:09]}
{[%emt 00:00:50]} 28. Re3 {[%clk 00:07:55]} {[%emt 00:00:25]} Ng4 {[%clk
00:30:51]} {[%emt 00:00:43]} 29. Rh3 {[%clk 00:08:05]} {[%emt 00:00:26]} Be5
{[%clk 00:29:07]} {[%emt 00:02:05]} 30. c4 {[%clk 00:05:18]} {[%emt 00:03:17]}
Bxh2+ {[%clk 00:28:23]} {[%emt 00:01:14]} 31. Kf1 {[%clk 00:05:41]} {[%emt
00:00:07]} Be5 {[%clk 00:28:10]} {[%emt 00:00:45]} 32. Re1 {[%clk 00:04:19]}
{[%emt 00:01:51]} Bf6 {[%clk 00:27:17]} {[%emt 00:01:26]} 33. Kg1 {[%clk
00:02:19]} {[%emt 00:02:30]} bxc4 {[%clk 00:25:59]} {[%emt 00:01:44]} 34. bxc4
{[%clk 00:02:43]} {[%emt 00:00:12]} Qc5 {[%clk 00:26:07]} {[%emt 00:00:16]} 35.
Rf3 {[%clk 00:02:03]} {[%emt 00:01:12]} Bd4 {[%clk 00:25:57]} {[%emt 00:00:38]}
36. Qe2 {[%clk 00:02:03]} {[%emt 00:00:30]} Rb8 {[%clk 00:23:25]} {[%emt
00:03:08]} 37. Rd1 {[%clk 00:00:35]} {[%emt 00:01:53]} Rb2 {[%clk 00:19:19]}
{[%emt 00:04:37]} 38. Qe4 {[%clk 00:00:43]} {[%emt 00:00:21]} Bf6 {[%clk
00:11:40]} {[%emt 00:08:09]} 39. Qf4 {[%clk 00:00:33]} {[%emt 00:00:40]} Rc2
{[%clk 00:10:55]} {[%emt 00:01:21]} 40. Rc1 {[%clk 00:00:35]} {[%emt 00:00:22]}
Rxf2 {[%clk 00:07:26]} {[%emt 00:04:00]} 41. Kh1 {[%clk 00:27:29]} {[%emt
00:03:35]} Rxf3 {[%clk 00:37:23]} {[%emt 00:00:40]} 42. Qxf3 {[%clk 00:27:48]}
{[%emt 00:00:07]} Nf2+ {[%clk 00:36:53]} {[%emt 00:00:59]} 43. Kh2 {[%clk
00:28:05]} {[%emt 00:00:11]} Be5+ {[%clk 00:36:41]} {[%emt 00:00:42]} 44. g3
{[%clk 00:28:07]} {[%emt 00:00:28]} h4 {[%clk 00:36:40]} {[%emt 00:00:40]} 45.
Kg2 {[%clk 00:26:33]} {[%emt 00:01:56]} hxg3 {[%clk 00:32:40]} {[%emt
00:04:29]} 46. Re1 {[%clk 00:26:33]} {[%emt 00:00:31]} Nd3 {[%clk 00:28:18]}
{[%emt 00:04:59]} 47. Re3 {[%clk 00:25:59]} {[%emt 00:00:57]} Nf4+ {[%clk
00:26:40]} {[%emt 00:02:10]} 48. Kxg3 {[%clk 00:25:11]} {[%emt 00:01:18]} f6
{[%clk 00:25:34]} {[%emt 00:01:35]} 49. Kh2 {[%clk 00:17:07]} {[%emt 00:08:34]}
Qxe3 {[%clk 00:25:33]} {[%emt 00:00:30]} 50. Qxe3 {[%clk 00:17:16]} {[%emt
00:00:22]} Nxd5+ {[%clk 00:26:00]} {[%emt 00:00:13]} 51. Qxe5 {[%clk 00:17:38]}
{[%emt 00:00:17]} fxe5 {[%clk 00:26:27]} 52. cxd5 {[%clk 00:17:59]} Kf6 {[%clk
00:26:36]} {[%emt 00:00:13]} 53. Kg3 {[%clk 00:18:07]} {[%emt 00:00:21]} Ke7
{[%clk 00:26:58]} {[%emt 00:00:08]} 54. Kf3 {[%clk 00:18:30]} {[%emt 00:00:09]}
Kd6 {[%clk 00:27:25]} {[%emt 00:00:03]} 55. Ke4 {[%clk 00:18:57]} {[%emt
00:00:09]} g5 {[%clk 00:27:43]} {[%emt 00:00:04]} 56. a4 {[%clk 00:18:13]}
{[%emt 00:01:14]} a5 {[%clk 00:28:06]} {[%emt 00:00:15]}  0-1